Quiebra de la Compañía de los Ferrocarriles del Noroeste de España : (Record no. 157220)

MARC details
000 -LEADER
campo de control de longitud fija 01299nam a2200229 i 4500
001 - NÚMERO DE CONTROL
campo de control 157220
003 - IDENTIFICADOR DE NÚMERO DE CONTROL
campo de control ES-MaACL
005 - FECHA Y HORA DE LA ÚLTIMA TRANSACCIÓN
campo de control 20250720063052.0
008 - DATOS DE LONGITUD FIJA--INFORMACIÓN GENERAL
campo de control de longitud fija 040812s18811 sp |||| | spa d
100 1# - ENTRADA PRINCIPAL--NOMBRE DE PERSONA
Nombre de persona Lastres y Juiz, Francisco,
Fechas asociadas al nombre 1848-1918
Término indicativo de función/relación Autor
9 (RLIN) 70504
245 10 - MENCIÓN DEL TÍTULO
Título Quiebra de la Compañía de los Ferrocarriles del Noroeste de España :
Resto del título alegato presentado en nombre de obligacionistas de dicha empresa en el pleito seguido ante el Juzgado de la Inclusa de Madrid sobre mejora en la graduación de créditos reconocidos /
Mención de responsabilidad, etc. redactado por Francisco Lastres.
260 ## - PUBLICACIÓN, DISTRIBUCIÓN, ETC.
Lugar de publicación, distribución, etc. Madrid :
Nombre del editor, distribuidor, etc. [s.n.],
Fecha de publicación, distribución, etc. 1881 (
Fabricante Imp. de Manuel G. Hernández)
300 ## - DESCRIPCIÓN FÍSICA
Extensión 24 páginas ;
Dimensiones 22 cm.
530 ## - NOTA DISPONIBLE DE FORMULARIO FÍSICO ADICIONAL
Nota de formato físico adicional disponible Disponible en formato digital
610 24 - PUNTO DE ACCESO ADICIONAL DE MATERIA--NOMBRE DE ENTIDAD CORPORATIVA
9 (RLIN) 134292
Nombre de entidad corporativa o nombre de jurisdicción como elemento de entrada Compañía de los Ferrocarriles del Noroeste de España
852 ## - LOCALIZACIÓN
Ubicación ES-MaACL
Ubicación en estantería Depósito folletos
Número de control de estantería T-350-F-12
Encuadernación Enc. en un vol. facticio
-- Holandesa, falto de cub. original
852 ## - LOCALIZACIÓN
Ubicación ES-MaACL
Ubicación en estantería Depósito folletos
Anotaciones manuscritas Ded. ms. del autor a Augusto Charro Hidalgo
Donativo/Legado Legado Charro Hidalgo
Número de control de estantería T-821-F-1
Encuadernación Enc. en un vol. facticio
-- Holandesa, conservando cub. original
856 ## - LOCALIZACIÓN Y ACCESO ELECTRÓNICOS
Identificador Uniforme de Recursos <a href="http://bdh-rd.bne.es/viewer.vm?id=0000136823&page=1 ">http://bdh-rd.bne.es/viewer.vm?id=0000136823&page=1 </a>
Texto de enlace Versión en línea
Nota pública (Biblioteca Digital Hispánica)
942 ## - ELEMENTOS DE ENTRADA SECUNDARIOS (KOHA)
Fuente del sistema de clasificación o colocación Clasificación decimal universal
Tipo de ítem Koha Folleto
Suprimir en OPAC No
Holdings
Estatus retirado Estado de pérdida Fuente del sistema de clasificación o colocación Estado de daño No para préstamo Colección Biblioteca de origen Biblioteca actual Ubicación en estantería Fecha de adquisición Fuente de adquisición Número de control de estantería Total de préstamos Signatura topográfica completa Código de barras Visto por última vez Tipo de ítem Koha
    Clasificación decimal universal     Colección de folletos Biblioteca del Ateneo de Madrid Biblioteca del Ateneo de Madrid Depósito folletos 17/01/2008 Legado 1   T-821-F-1 1164522 23/02/2023 Folleto
    Clasificación decimal universal     Colección de folletos Biblioteca del Ateneo de Madrid Biblioteca del Ateneo de Madrid Depósito folletos 17/01/2008   1   T-350-F-12 1164521 23/02/2023 Folleto